ბათუმის შოთა რუსთაველის სახელმწიფო უნივერსიტეტის ბიბლიოთეკა

საქართველოს დემოგრაფიული წელიწდეულიDemographic yearbook of Georgia = Annuaire demographique de la Georgie, 2010 / (ბიბ.ჩანაწერი № 49210)

000 -ლიდერი
ფიქსირებული სიგრძის საკონტროლო ველი 01687nam a2200265Ia 4500
001 - საკონტროლო ნომერი
საკონტროლო ველი 16121
003 - საკონტროლო ნომრის იდენტიფიკატორი
საკონტროლო ველი GE_BSU
005 - ბოლო ოპერაციის თარიღი და დრო
საკონტროლო ველი 20241216120034.0
008 - ფიქსირებული სიგრძის მონაცემთა ელემენტები - ზოგადი ინფორმაცია
ფიქსირებული სიგრძის საკონტროლო ველი 181216s2011||||ge |||||||||||||| ||geo||
040 ## - კატალოგიზაციის წყარო
Transcribing agency GE_BSU
041 ## - ენის კოდი
Language code of text/sound track or separate title geo
080 ## - უნივერსალური ათობითი კლასიფიკაციის ინდექსი
Universal Decimal Classification number 314(479.22) წ-85
100 ## - მთავარი ჩანაწერი - პიროვნების სახელი
Personal name წულაძე, გიორგი
9 (RLIN) 4394
245 ## - ცნობა სათაურის შესახებ
Title საქართველოს დემოგრაფიული წელიწდეულიDemographic yearbook of Georgia = Annuaire demographique de la Georgie, 2010 /
Remainder of title გიორგი წულაძე, ნიკა მაღლაფერიძე, ალექსანდრე ვადაჭკორია ; [რედ. ავთანდილ სულაბერიძე] ; დემოგრაფიისა და სოციოლ. ინ-ტი, UNFPA.
264 ## - წარმოების, გამოცემის, დისტრიბუციის და სხვა ცნობები
გამოცემის, წარმოების, დისტრიბუციის... ადგილი თბილისი :
გამოცემის, წარმოების, დისტრიბუციის... სახელწოდება შპს ვესტა,
გამოცემის, წარმოების, დისტრიბუციის... თარიღი 2011.
300 ## - ფიზიკური აღწერა
Extent 280 გვ. :
Other physical details ცხრ. ;
Dimensions 29 სმ.
546 ## - LANGUAGE NOTE
Language note ტექსტი ქართულ და ინგლისურ ენებზე
653 ## - INDEX TERM--UNCONTROLLED
Uncontrolled term დემოგრაფია
653 ## - INDEX TERM--UNCONTROLLED
Uncontrolled term საქართველოს დემოგრაფიული წელიწდეული
700 ## - ADDED ENTRY--PERSONAL NAME
Personal name მაღლაფერიძე, ნიკა
Relator term ავტორი
9 (RLIN) 23952
700 ## - ADDED ENTRY--PERSONAL NAME
Personal name ვადაჭკორია, ალექსანდრე
Relator term ავტორი
9 (RLIN) 23953
700 ## - ADDED ENTRY--PERSONAL NAME
Personal name სულაბერიძე, ავთანდილ
Relator term რედქტორი
9 (RLIN) 23954
710 ## - ADDED ENTRY--CORPORATE NAME
Corporate name or jurisdiction name as entry element დემოგრაფიისა და სოციოლოგიის ინსტიტუტი UNFPA
9 (RLIN) 23955
942 ## - ADDED ENTRY ELEMENTS (KOHA)
Koha item type წიგნი
Source of classification or shelving scheme
ეგზემპლარები
ჩამოწერის სტატუსი დაკარგული ეგზემპლარის სტატუსი კლასიფიკაციის წყარო ან თაროზე გაწყობის სქემა დაზიანების სტატუსი არ გაიცემა მუდმივი მდებარეობა (დაცვის ადგილი) ამჟამინდელი ადგილსამყოფელი თაროზე განთავსების ადგილი შეძენის თარიღი სრული შენახვის შიფრი შტრიხკოდი ბოლო ოპერაციის თარიღი ეგზემპლარის მიმდევრობითი ნომერი (კეტერი?) ფასის ძალაში შესვლის თარიღი ეგზემპლარის სახეობა
          ბათუმის შოთა რუსთაველის სახელმწიფო უნივერსიტეტის მთავარი ბიბლიოთეკა ბათუმის შოთა რუსთაველის სახელმწიფო უნივერსიტეტის მთავარი ბიბლიოთეკა წიგნსაცავი 2018-12-17 314(479.22) წ-85 27521 2018-12-17 27521 2018-12-17 წიგნი